Functions of a complex variable : and some of their applications. Vol 1 /

Guardado en:
Autor Principal: Fuks, B. A.
Otros Autores: Shabat, B. V., Berry, J. (Traductor), Reed, J. W. (Colaborador)
Formato: Libro
Idioma:English
Russian
Publicado: Oxford : Reading, Mass. : Pergamon Press ; Addison-Wesley, 1964.
Series:Pergamon Press International series of monographs on pure and applied mathematics ; v. 51
Addiwes international series in mathematics
Etiquetas: Agregar Etiqueta
Sin Etiquetas, Sea el primero en etiquetar este registro!
LEADER 01148nam a22002415a 4500
001 MAT.inmabb001297
008 031122s1964####enk###########000#0#eng#d
005 20170815125755.0
245 1 0 |a Functions of a complex variable :  |b and some of their applications.  |n Vol 1 /  |c by B. A. Fuchs and B. V. Shabat ; original translation by J. Berry ; revised and expanded by J. W. Reed. 
260 |a Oxford :  |b Pergamon Press ;  |a Reading, Mass. :  |b Addison-Wesley,  |c 1964. 
300 |a xvi, 431 p. ;  |c 23 cm. 
440 0 |a Pergamon Press International series of monographs on pure and applied mathematics ;  |v v. 51 
440 0 |a Addiwes international series in mathematics 
500 |a This translation has been made from the Russian 2nd ed., Funktsii kompleksnogo peremennogo i ngkotoryye ikh prilozheniya Spetsial'nyye glavy, published in the USSR by Fizmatgiz, Moscow, 1959. 
510 4 |a MR,  |c 28 #4087 
100 1 |a Fuks, B. A.  |q (Boris Abramovich) 
700 1 |a Shabat, B. V. 
700 1 |a Berry, J.  |4 trl 
700 1 |a Reed, J. W.  |4 clb 
084 |a 30-XX  |2 msc2000 
041 1 |a eng  |h rus 
044 |a enk  |a mau 
859 |h 30  |i F961c  |p A-1530  |v 1  |3 Vol. I  |b BIB. MATEMATICA